000 00356nam a2200133Ia 4500
008 230411s9999 xx 000 0 und d
041 _aeng
082 _aOG/618.104/DAW/B05142
100 _aDawn C
245 _aTextbook of Gynaecology Contraception and Demography
260 _bDawn Books
_aKolkata
_c2003
300 _a256p
999 _c155669
_d155669